Molecular Pathology of Endocrine Diseases

The Molecular Pathology Library Series fills the gap between basic science and clinical application. Each user-friendly reference brings together diverse topics about molecular pathogenesis, diagnosis and treatment in one volume. The series serves physicians and healthcare providers in multiple disc...

Full description

Bibliographic Details
Corporate Author: SpringerLink (Online service)
Other Authors: Hunt, Jennifer L. (Editor)
Format: Electronic eBook
Language:English
Published: Boston, MA : Springer US, 2010.
Series:Molecular Pathology Library, 3
Subjects:
Online Access:Full Text via HEAL-Link
LEADER 03407nam a22004335i 4500
001 978-1-4419-1707-2
003 DE-He213
005 20150519182109.0
007 cr nn 008mamaa
008 100528s2010 xxu| s |||| 0|eng d
020 |a 9781441917072  |9 978-1-4419-1707-2 
024 7 |a 10.1007/978-1-4419-1707-2  |2 doi 
040 |d GrThAP 
050 4 |a RB1-214 
072 7 |a MMF  |2 bicssc 
072 7 |a MED067000  |2 bisacsh 
082 0 4 |a 616.07  |2 23 
245 1 0 |a Molecular Pathology of Endocrine Diseases  |h [electronic resource] /  |c edited by Jennifer L. Hunt. 
264 1 |a Boston, MA :  |b Springer US,  |c 2010. 
300 |a VII, 280p. 148 illus., 139 illus. in color.  |b online resource. 
336 |a text  |b txt  |2 rdacontent 
337 |a computer  |b c  |2 rdamedia 
338 |a online resource  |b cr  |2 rdacarrier 
347 |a text file  |b PDF  |2 rda 
490 1 |a Molecular Pathology Library,  |x 1935-987X ;  |v 3 
505 0 |a General Endocrine Molecular Pathology -- Molecular Oncogenesis -- Systematic Autoimmune Diseases -- MicroRNAs in Endocrine Diseases -- Thyroid Diseases -- Clinical Detection and Treatment of Thyroid Diseases -- Autoimmune Thyroid Diseases -- Benign Nodular Thyroid Disease -- Fine Needle Aspiration: Present and Future -- Well-Differentiated Papillary Thyroid Carcinoma -- Well-Differentiated Thyroid Follicular Carcinoma -- Poorly Differentiated and Undifferentiated Thyroid Carcinomas -- Medullary Thyroid Carcinoma -- Unusual Thyroid Tumors -- Hematopoietic Tumors of the Thyroid -- Parathyroid Diseases -- Clinical Detection and Treatment of Parathyroid Diseases -- Nonneoplastic Parathyroid Diseases -- Neoplastic Parathyroid Diseases -- Pituitary Diseases -- Clinical Detection and Treatment of Benign and Malignant Pituitary Diseases -- Nonneoplastic and Neoplastic Pituitary Diseases -- Adrenal Diseases -- Clinical Detection and Treatment of Adrenal Disease -- Benign and Malignant Pheochromocytomas and Paragangliomas -- Benign and Malignant Diseases of the Adrenal Cortex -- Pancreatic Neuroendocrine Tumors -- Clinical Detection and Treatment of Pancreatic Neuroendocrine Tumors -- Pancreatic Endocrine Neoplasms -- Other Neuroendocrine Lesions -- Gastrointestinal Neuroendocrine Tumors -- Head and Neck Neuroendocrine Tumors -- Merkel Cell Carcinoma -- Neuroendocrine Lung Tumors. 
520 |a The Molecular Pathology Library Series fills the gap between basic science and clinical application. Each user-friendly reference brings together diverse topics about molecular pathogenesis, diagnosis and treatment in one volume. The series serves physicians and healthcare providers in multiple disciplines who need to understand and apply molecular diagnostics and therapy to patient care; residents and fellows who integrate molecular medicine into their curricula and future practice; and basic and translational researchers who must define the impact of their research on clinical medicine. 
650 0 |a Medicine. 
650 0 |a Pathology. 
650 1 4 |a Medicine & Public Health. 
650 2 4 |a Pathology. 
700 1 |a Hunt, Jennifer L.  |e editor. 
710 2 |a SpringerLink (Online service) 
773 0 |t Springer eBooks 
776 0 8 |i Printed edition:  |z 9781441917065 
830 0 |a Molecular Pathology Library,  |x 1935-987X ;  |v 3 
856 4 0 |u http://dx.doi.org/10.1007/978-1-4419-1707-2  |z Full Text via HEAL-Link 
912 |a ZDB-2-SME 
950 |a Medicine (Springer-11650)